¡Por favor! ¡Gracias! / (Registro nro. 14946)
[ vista simple ]
| 000 -LIDER | |
|---|---|
| fixed length control field | 00856nam a22002777a 4500 |
| 003 - IDENTIFICACDOR DE NÚMERO DE CONTROL | |
| control field | DO-SdBPM |
| 005 - DATE AND TIME OF LATEST TRANSACTION | |
| control field | 20250221081743.0 |
| 008 - ELEMENTOS DE LONGITUD FIJA | |
| fixed length control field | 161031b2008 ch a 00| 0 spa d |
| 020 ## - ISBN | |
| International Standard Book Number | 9781407533186 |
| 020 ## - ISBN | |
| International Standard Book Number | |
| 040 ## - FUENTE DE CATALOGACIÓN | |
| Agencia que crea de manera original el registro | DO-SdBPM |
| Idioma de catalogación | spa |
| Agencia que realiza la transcripción | BPMSU |
| 082 #4 - NÚMERO DE CLASIFICACIÓN DECIMAL DE DEWEY | |
| Item number | H282p 2008 |
| Edition number | 22 |
| 100 1# - ASIENTO PRINCIPAL -- NOMBRE PERSONAL | |
| Nombre personal | |
| 245 10 - MENCIÓN DE TITULO | |
| Título | ¡Por favor! ¡Gracias! / |
| Mención de responsabilidad | Jillian Harker ; Colaborador(es): O'Neill, Rachael ilustrador |
| 260 ## - PUBLICACIÓN, DISTRIBUCIÓN, ETC. (PIE DE IMPRENTA) | |
| Lugar de publicación, distribución, etc | New York : |
| Nombre del editor, distribuidor, etc. | Parragón, |
| Fecha de publicación, distribución, etc | 2008 |
| 300 ## - DESCRIPCIÓN FÍSICA | |
| Extensión | (27) p. : |
| Otros detalles físicos | il. ; |
| Dimensiones | 24 cm. |
| 490 0# - MENCIÓN DE SERIES | |
| Mención de serie | Buenos Modales |
| 500 ## - NOTA GENERAL | |
| Nota general | Libro de pasta dura. |
| 590 ## - NOTA LOCAL | |
| Texto de la nota local | Inventariado, 2025/VM |
| 650 #4 - ENCABEZAMIENTO DE MATERIA--TEMÁTICO | |
| Término temático o nombre geográfico como elemento de entrada | Literatura infantil |
| Fuente del encabezamiento o término | |
| 650 #4 - ENCABEZAMIENTO DE MATERIA--TEMÁTICO | |
| Término temático o nombre geográfico como elemento de entrada | Amistad |
| Subdivisión de forma | Cuentos de la vida cotidiana |
| 650 #4 - ENCABEZAMIENTO DE MATERIA--TEMÁTICO | |
| Término temático o nombre geográfico como elemento de entrada | Libros ilustrados para niños |
| 700 1# - ASIENTO SECUNDARIO -- NOMBRE PERSONAL | |
| Nombre personal | Oneill, Rachael |
| Mención de responsabilidad | ilustraciones |
| 910 ## - VALIDACIÓN | |
| Validación | VMateo V. Control de calidad BPMSU |
| 942 ## - ADDED ENTRY ELEMENTS (KOHA) | |
| Source of classification or shelving scheme | Dewey Decimal Classification |
| Koha item type | Libros |
No hay ítems disponibles.